Normal view
MARC view
- Shehnaz,Ali, Ali,Namrah, Satti,Rimsha Shahid, Mazhar,Sara, Syed,Sara, & Bangash,Sumaira Yousaf
Entry Personal Name
001 - CONTROL NUMBER
- control field: 5025
003 - CONTROL NUMBER IDENTIFIER
- control field: NUST
005 - DATE AND TIME OF LATEST TRANSACTION
- control field: 20170926164153.0
008 - FIXED-LENGTH DATA ELEMENTS
- fixed length control field: 170926|| aca||aabn | a|a d
040 ## - CATALOGING SOURCE
- Original cataloging agency: NUST
- Transcribing agency: NUST
100 ## - HEADING--PERSONAL NAME
- Personal name: Shehnaz,Ali, Ali,Namrah, Satti,Rimsha Shahid, Mazhar,Sara, Syed,Sara, & Bangash,Sumaira Yousaf
670 ## - SOURCE DATA FOUND
- Source citation: Work cat.: (NUST): Shehnaz,Ali, Ali,Namrah, Satti,Rimsha Shahid, Mazhar,Sara, Syed,Sara, & Bangash,Sumaira Yousaf , Issues, promises and lessons learned from repatriated families of SWAT valley , 2016
